000 00212nam a22000857a 4500
008 161124b xxu||||| |||| 00| 0 eng d
100 _91411
_aGupta.B.C.
245 _aIndian Economic-XI
260 _aNew Delhi
_bAPC
_c2011
999 _c4128
_d4128